Statistics for ASDF movie quiz

Click here to take the quiz!

General Stats

  • This quiz has been taken 164 times
  • The average score is 21 of 35

Answer Stats

HintAnswer% Correct
I likeTrains
89%
DiePotato
88%
Everybody do theFlop
87%
Quick, shoot me in theFace
77%
I baked you a pie. Oh boy! What flavor?Pie flavor
76%
Now son don't touch thatCactus
75%
Beep beep. I'm aSheep
72%
Why won't you let meDie
71%
Oh no I spilled myMilk
71%
I am punching yourSalad
70%
Knock Knock? Who's there? TheDoor
69%
Quick, don't think aboutCats
68%
Hey, nice hat. Thanks! I was beingSarcastic
68%
SuddenlyPineapples
66%
Hey man look at my newDog
64%
Hey man are you ever going to run out ofMuffins
63%
No, wait! I'm allergic toAdorableness
62%
Oh no! Giant flying Sheep! Those areClouds
62%
HelloMine turtle
60%
Hey, I'm not like other girls. I haveSnake arms
60%
KittenFight
59%
Here comes theAirplane
58%
Sir, I'm afraid you severe case ofBaby voice
57%
Ok kids, who's ready toDraw
56%
You darn kids get off myProperty
56%
I am aStegosaurus
52%
Miss, you have to pay for your food!Nope
51%
I'm gonna punch you in the faceIn the face
49%
Is this you? Yes. HelloHi
48%
And nowDucks
44%
You guys want to goSkateboards
36%
Throw the CHEESEYeah
26%
Hey Bobby do that one where you fall down the stairsI love it
24%
*Explode*Apples
22%
I like singing! I likeDogsing
15%

Score Distribution

Percentile by Number Answered

Percent of People with Each Score

Your Score History

You have not taken this quiz